000 00292nam a22001337a 4500
005 20250521054615.0
008 250521b |||||||| |||| 00| 0 eng d
040 _c
100 _aMOHMOD YUNUS
_9670
245 _aKENDRI KE RABN
260 _c1958
300 _a239;P
942 _2ddc
_cBK
999 _c31472
_d31472